[Event "Koshnitsky mem corr"]
[Site "Australia"]
[Date "2002.06.30"]
[Round "?"]
[White "Tait, Jonathan A"]
[Black "Borwell, Alan Peter"]
[Result "1-0"]
[WhiteElo "2420"]
[BlackElo "2284"]
[PlyCount "53"]
[EventDate "2002.06.30"]
[EventType "tourn (corr)"]
[EventRounds "14"]
[EventCountry "AUS"]
[EventCategory "8"]
[SourceTitle "Corr 2004"]
[Source "ChessBase"]
[SourceDate "2003.04.28"]
[SourceVersion "3"]
[SourceVersionDate "2003.04.28"]
[SourceQuality "1"]

1. d4 d5 2. c4 c6 3. Nf3 Nf6 4. Nc3 a6 5. g3 b5 6. c5 Bg4 7. Ne5 Bf5 8. Bg2 Qc8 9. h3 h6 10. f3 Nbd7 11. e4 Bh7 12. Nxd7 Qxd7 13. e5 Ng8 14. b4 e6 15. a4 Qb7 16. Bf1 Ne7 17. Rh2 Nf5 18. Rha2 Nxg3 19. axb5 Be7 20. Rxa6 0-0 21. Rxa8 Rxa8 22. bxc6 Qxc6 23. b5 Qe8 24. Rxa8 Qxa8 25. Qa4 Qxa4 26. Nxa4 Nxf1 27. b6 1-0

[Event "Koshnitsky mem corr"]
[Site "Australia"]
[Date "2002.06.30"]
[Round "?"]
[White "Tait, Jonathan A"]
[Black "Yamaliev, Vil Usbekovich"]
[Result "1/2-1/2"]
[WhiteElo "2420"]
[BlackElo "2515"]
[PlyCount "39"]
[EventDate "2002.06.30"]
[EventType "tourn (corr)"]
[EventRounds "14"]
[EventCountry "AUS"]
[EventCategory "8"]
[SourceTitle "Corr 2004"]
[Source "ChessBase"]
[SourceDate "2003.04.28"]
[SourceVersion "3"]
[SourceVersionDate "2003.04.28"]
[SourceQuality "1"]

1. d4 Nf6 2. c4 g6 3. Nc3 d5 4. cxd5 Nxd5 5. e4 Nxc3 6. bxc3 Bg7 7. Be3 c5 8. Qd2 Qa5 9. Nf3 0-0 10. Rc1 Rd8 11. Bh6 Nd7 12. Bc4 Nb6 13. Bxf7+ Kxf7 14. Ng5+ Kg8 15. Bxg7 Kxg7 16. Qf4 Qxa2 17. Qe5+ Kf8 18. Qh8+ Qg8 19. Nxh7+ Kf7 20. Ng5+ 1/2-1/2

[Event "Koshnitsky mem corr"]
[Site "Australia"]
[Date "2002.??.??"]
[Round "?"]
[White "Barrance, John M"]
[Black "Tait, Jonathan A"]
[Result "0-1"]
[WhiteElo "2407"]
[BlackElo "2420"]
[PlyCount "124"]
[EventDate "2002.06.30"]
[EventType "tourn (corr)"]
[EventRounds "14"]
[EventCountry "AUS"]
[EventCategory "8"]
[SourceTitle "Corr 2006"]
[Source "ChessBase"]
[SourceDate "2006.04.01"]
[SourceVersion "3"]
[SourceVersionDate "2006.04.01"]
[SourceQuality "1"]

1. c4 c5 2. Nc3 Nf6 3. Nf3 d5 4. cxd5 Nxd5 5. d4 Nxc3 6. bxc3 g6 7. e4 Bg7 8. Be3 Qa5 9. Qd2 0-0 10. Rc1 Rd8 11. d5 e6 12. c4 Qxd2+ 13. Nxd2 b6 14. Be2 Na6 15. 0-0 Nb4 16. a3 Na2 17. Rce1 Nc3 18. Bf3 Ba6 19. Rc1 exd5 20. exd5 b5 21. Rfe1 bxc4 22. d6 Rac8 23. Bg5 Rxd6 24. Re7 h6 25. Bf4 Re6 26. Rxa7 Rd8 27. h4 Nb5 28. Rxa6 Rxa6 29. Nxc4 Kh7 30. h5 g5 31. Be3 Bd4 32. Rc2 Nxa3 33. Ra2 Nxc4 34. Rxa6 Bxe3 35. fxe3 Nxe3 36. Ra3 Nc4 37. Ra4 Rd4 38. Be2 Nd6 39. Ra5 c4 40. Kf2 Kg7 41. Ra6 Kf6 42. Bxc4 g4 43. Ke3 Rxc4 44. Rxd6+ Kg5 45. Kf2 f5 46. g3 Rc2+ 47. Kf1 Kxh5 48. Rd8 Rc6 49. Kg2 Kg5 50. Rg8+ Rg6 51. Ra8 h5 52. Rf8 Rh6 53. Rg8+ Kf6 54. Rf8+ Kg6 55. Rg8+ Kf7 56. Rc8 h4 57. gxh4 Rxh4 58. Rc3 Kg6 59. Ra3 Kg5 60. Rb3 Rh3 61. Rb5 Ra3 62. Rc5 g3 0-1

[Event "Koshnitsky mem corr"]
[Site "Australia"]
[Date "2002.??.??"]
[Round "?"]
[White "Nicholson, Mike L"]
[Black "Tait, Jonathan A"]
[Result "0-1"]
[WhiteElo "2373"]
[BlackElo "2420"]
[PlyCount "102"]
[EventDate "2002.06.30"]
[EventType "tourn (corr)"]
[EventRounds "14"]
[EventCountry "AUS"]
[EventCategory "8"]
[SourceTitle "Corr 2006"]
[Source "ChessBase"]
[SourceDate "2006.04.01"]
[SourceVersion "3"]
[SourceVersionDate "2006.04.01"]
[SourceQuality "1"]

1. e4 e5 2. f4 exf4 3. Nf3 g5 4. h4 g4 5. Ne5 Nf6 6. d4 d6 7. Nd3 Nxe4 8. Bxf4 Qe7 9. Be2 Nc6 10. c3 Bf5 11. d5 Nb8 12. Na3 Bg7 13. Nc4 Bxc3+ 14. Kf1 Bd4 15. Bxg4 Qf6 16. Rh3 Nd7 17. Rc1 Rg8 18. Bxf5 Qxf5 19. Ne3 Bxe3 20. Rxe3 0-0-0 21. Qc2 Nec5 22. b4 Na6 23. a3 Rde8 24. Rxe8+ Rxe8 25. Kg1 Qxd5 26. Nf2 Rg8 27. Ne4 Kb8 28. Kh2 Qf5 29. Bg3 Qg6 30. Qd3 f5 31. Nf2 Ne5 32. Qe3 c6 33. Rg1 Nc4 34. Qf3 Nc7 35. Nh3 Nd2 36. Qf4 Ne4 37. Be1 d5 38. g3 Qg4 39. Rg2 Qxf4 40. Nxf4 Nb5 41. Ra2 Kc7 42. Ne2 d4 43. a4 Nbc3 44. Nxc3 Nxc3 45. Rf2 Re8 46. Bd2 Re2 47. Rxe2 Nxe2 48. Kg2 Kd6 49. Kf3 Nc3 50. Kf4 Ke6 51. a5 b6 0-1

[Event "BCF-chT2 9899 (4NCL)"]
[Site "England"]
[Date "1998.10.25"]
[Round "2.2"]
[White "Cobb, James"]
[Black "Tait, Jonathan A"]
[Result "1-0"]
[WhiteElo "2305"]
[BlackElo "2185"]
[PlyCount "57"]
[EventDate "1998.10.??"]
[EventType "team-tourn"]
[EventRounds "11"]
[EventCountry "ENG"]
[SourceTitle "EXT 2000"]
[Source "ChessBase"]
[SourceDate "1999.11.16"]
[SourceVersion "1"]
[SourceVersionDate "1999.11.16"]
[SourceQuality "1"]
[WhiteTeam "SW Dragons"]
[BlackTeam "BCCA"]
[WhiteTeamCountry "ENG"]
[BlackTeamCountry "ENG"]

1. Nf3 Nc6 2. e4 e5 3. Bb5 f5 4. d3 Nf6 5. 0-0 fxe4 6. dxe4 d6 7. Nc3 Be7 8. h3 a6 9. Bc4 Na5 10. Bd3 0-0 11. Nh4 Kh8 12. f4 Nc6 13. f5 Qe8 14. Bg5 Qh5 15. Qd2 Ng8 16. Nf3 Bxg5 17. Nxg5 h6 18. Nf3 Nce7 19. Be2 Qe8 20. g4 Nf6 21. Kh2 b5 22. g5 Nfg8 23. Nh4 Bb7 24. a3 hxg5 25. Qxg5 Qf7 26. Rg1 Qf6 27. Ng6+ Nxg6 28. Qh5+ Nh6 29. Rxg6 1-0

[Event "North Sea tt 1st Bd6 corr"]
[Site "England"]
[Date "1998.??.??"]
[Round "?"]
[White "Norrelykke, Svend GJ"]
[Black "Tait, Jonathan A"]
[Result "1/2-1/2"]
[WhiteElo "2213"]
[BlackElo "2383"]
[PlyCount "48"]
[EventDate "1998.??.??"]
[EventType "team (corr)"]
[EventRounds "10"]
[EventCountry "ENG"]
[SourceTitle "Corr 2002"]
[Source "ChessBase"]
[SourceDate "2002.05.23"]
[SourceVersion "1"]
[SourceVersionDate "2002.05.23"]
[SourceQuality "1"]

1. e4 e5 2. Nf3 Nc6 3. Bb5 a6 4. Ba4 Nf6 5. 0-0 Be7 6. Re1 b5 7. Bb3 d6 8. c3 0-0 9. h3 Na5 10. Bc2 c5 11. d4 Bb7 12. Nbd2 cxd4 13. cxd4 exd4 14. Nxd4 Re8 15. Nf1 Bf8 16. Ng3 g6 17. b3 d5 18. e5 Ne4 19. Nxe4 dxe4 20. Bxe4 Rxe5 21. Bxb7 Rxe1+ 22. Qxe1 Nxb7 23. Bb2 Qe8 24. Nf3 Qxe1+ 1/2-1/2